Megtakarítás-politika, lakossági befektetések

Bibliográfiai részletek
Szerző: Karap Krisztián
További közreműködők: Farkas Dr. habil. Szilveszter
Dokumentumtípus: Záródolgozat
Kulcsszavak:megtakarítási lehetőségek
lakossági megtakarítások
megtakarítás, befektetési alapok
Befektetési stratégiák
Befektetés
Online Access:http://dolgozattar.uni-bge.hu/11613

MARC

LEADER 00000nta a2200000 i 4500
001 dolg11613
005 20170516085445.0
008 170516suuuu hu o 000 hun d
040 |a BGE Dolgozattár Repozitórium  |b hun 
041 |a hu 
100 1 |a Karap Krisztián 
245 1 0 |a Megtakarítás-politika, lakossági befektetések  |c Karap Krisztián  |h [elektronikus dokumentum] 
246 1 1 |a Megtakarítás-politika, lakossági befektetések 
516 |a Final_paper 
520 3 |a A szakdolgozat arra a kérdésre keresi a választ, hogy adott életszakaszokban milyen megtakarítási és befektetési lehetőségekkel csökkenthetjük gazdasági függőségünket egy gazdasági recesszió vagy válság idején. 
695 |a megtakarítási lehetőségek 
695 |a lakossági megtakarítások 
695 |a megtakarítás, befektetési alapok 
695 |a Befektetési stratégiák 
695 |a Befektetés  
700 1 |a Farkas Dr. habil. Szilveszter  |e ths 
856 4 0 |u http://dolgozattar.uni-bge.hu/11613/1/Karap_Krisztian_BKXJAR_Szakdolgozat_Boritoval.pdf  |z Dokumentum-elérés 
856 4 0 |u http://dolgozattar.uni-bge.hu/11613/2/Karap_Krisztian_BKXJAR_Nyilatkozat.pdf  |z Dokumentum-elérés